| 000 | 00649nam a2200205 u 4500 | ||
|---|---|---|---|
| 005 | 20210223132623.0 | ||
| 008 | 150513s1994 r 000 0 eng d | ||
| 020 | _a8476584393 | ||
| 035 | _aUPN01000203459 | ||
| 049 | _aCG | ||
| 050 | 4 |
_aBF38 _bD6.3 |
|
| 100 | 1 |
_aDavidson, Donald, _d1917-2003 _937448 |
|
| 245 | 1 | 0 |
_aFilosofía de la psicología / _cDonald Davidson ; introd. y tr. de Miguel Candel. |
| 260 |
_aBarcelona, Esp. : _bAnthropos, _c1994. |
||
| 300 | _a160 p. | ||
| 440 | 0 |
_aTextos y documentos. _pClásicos del pensamiento y de las ciencias ; _v19 |
|
| 650 | 4 |
_aPSICOLOGIA - _xFILOSOFIA _914135 |
|
| 905 | _aLibro | ||
| 999 |
_c175560 _d175560 |
||